فن المتاحف
محفوظ في:
المؤلف الرئيسي:
مؤلفون آخرون:
التنسيق: كتاب
اللغة: Undetermined
منشور في:
Cairo :
Dar almaarif,
.
الوسوم: إضافة وسم
لا توجد وسوم, كن أول من يضع وسما على هذه التسجيلة!
رقم الطلب: AM87 .A2 M82
| LEADER | 00388nam a2200133Ia 4500 | ||
|---|---|---|---|
| 008 | 240329s9999||||xx |||||||||||||| ||und|| | ||
| 050 | 4 | |a AM87 .A2 M82 | |
| 100 | 1 | |a سمية حسن محمد. | |
| 245 | 1 | 0 | |a فن المتاحف |c سمية حسن محمد |
| 264 | 1 | |a Cairo : |b Dar almaarif, |c . | |
| 300 | |a 282 |c 24 cm | ||
| 700 | 1 | |a محمد عبدالقادر محمد. | |
| 942 | |2 lcc |c BK | ||
| 999 | |c 57685 |d 57685 | ||
